[Cajón de cuentos] : (Registro nro. 60657)

Detalles MARC
000 -CABECERA
Longitud fija campo de control 01417nam a2200385 a 4500
003 - IDENTIFICADOR DEL NUMERO DE CONTROL
Identificador del número de control CO-BoRNBP
005 - FECHA Y HORA DE LA ULTIMA TRANSACCION
Fecha y hora de la última transacción 20260310214202.0
007 - CAMPO FIJO DE DESCRIPCION FISICA
Campo fijo de descripción física ta
008 - CODIGOS DE INFORMACION DE LONGITUD FIJA
Códigos de información de longitud fija 970416s1996 ck a jr 000 j spa
020 ## - NUMERO INTERNACIONAL NORMALIZADO PARA LIBROS
Número Internacional Normalizado para Libros (ISBN) 9789583003233
020 ## - NUMERO INTERNACIONAL NORMALIZADO PARA LIBROS
Número Internacional Normalizado para Libros (ISBN) 9583003239 (colección)
020 ## - NUMERO INTERNACIONAL NORMALIZADO PARA LIBROS
Número Internacional Normalizado para Libros (ISBN) 9789583003325
020 ## - NUMERO INTERNACIONAL NORMALIZADO PARA LIBROS
Número Internacional Normalizado para Libros (ISBN) 9583003328
040 ## - FUENTE DE LA CATALOGACION
Centro catalogador de origen CO-BoBN
Lengua de catalogación spa
Centro transcriptor CO-BoBN
Normas de descripción rda
082 04 - NUMERO DE LA CLASIFICACION DECIMAL DEWEY
Número de clasificación (R) C
Número del ítem CHA1
084 ## - Clasificación Local Alfanúmerica PNLB
Número de clasificación 431
100 1# - PUNTO DE ACCESO PRINCIPAL-NOMBRE DE PERSONA
Nombre de persona Lamb, Charles,
Fechas asociadas al nombre 1775-1834
245 11 - TITULO PROPIAMENTE DICHO
Título [Cajón de cuentos] :
Resto del título William Shakespeare] /
Mención de responsabilidad, etc. versión de Charles y Mary Lamb ; traducción de Jorge Roa ; ilustrado por Henry González y Nancy Granada ; [selección Martín Moreno]
250 ## - MENCION DE EDICION
Mención de edición 1a. ed.
300 ## - DESCRIPCION FISICA
Extensión 114 p. :
Otras características físicas il. col. ;
Dimensiones 16 cm
336 ## - TIPO DE CONTENIDO
Fuente rdacontenido
Término de tipo de contenido texto
Código de tipo de contenido txt
337 ## - TIPO DE MEDIO
Fuente rdamedio
Nombre del tipo de medio sin mediación
Código del tipo de medio n
338 ## - TIPO DE SOPORTE
Fuente rdasoporte
Nombre del tipo de soporte volumen
Código del tipo de soporte nc
490 00 - MENCION DE SERIE
Mención de serie Cajón de cuentos
500 ## - NOTA GENERAL
Nota general "La presente edición es tomada de la traducción de Jorge Roa editor, Bogotá, 1898". Mención de responsabilidad tomada de la contraportada
505 0# - NOTA DE CONTENIDO CON FORMATO
Nota de contenido con formato Macbeth -- La tempestad
650 14 - PUNTO DE ACCESO ADICIONAL DE MATERIA - TERMINO DE MATERIA
Término de materia o nombre geográfico como elemento inicial Cuentos ingleses
Subdivisión cronológica Siglo XVI
Fuente del encabezamiento ARMARC
700 1# - PUNTO DE ACCESO ADICIONAL - NOMBRE DE PERSONA
Nombre de persona Lamb, Mary,
Fechas asociadas al nombre 1764-1847
700 1# - PUNTO DE ACCESO ADICIONAL - NOMBRE DE PERSONA
Nombre de persona Roa, Jorge,
Término indicativo de función traductor
700 1# - PUNTO DE ACCESO ADICIONAL - NOMBRE DE PERSONA
Nombre de persona González Torres, Henry Javier
Término indicativo de función ilustrador
700 1# - PUNTO DE ACCESO ADICIONAL - NOMBRE DE PERSONA
Nombre de persona Granada, Nancy,
Término indicativo de función ilustrador
700 1# - PUNTO DE ACCESO ADICIONAL - NOMBRE DE PERSONA
Nombre de persona Moreno, Martín,
Término indicativo de función compilador
942 ## - ENTRADA DE ELEMENTOS AGREGADOS (KOHA)
Fuente de clasificaión o esquema Dewey Decimal Classification
Koha [por defecto] tipo de item LIbro
Existencias
Perdido Fuente de clasificación o esquema Estado Físico No para préstamo Forma de adquisición Localización permanente Localización actual Localización en estanterías Fecha adquisición Préstamos totales Signatura completa Código de barras Fecha última consulta Número de copia Fecha del precio de reemplazo Tipo de item de Koha
  Dewey Decimal Classification     Infantil Biblioteca Pública San Juan de Arama - Concepción de Arama Biblioteca Pública San Juan de Arama - Concepción de Arama Sala Infantil 03/10/2026   C SHA1 SJA01605 03/10/2026 Ej.1 03/10/2026 Literatura Infantil









Instituto Departamental de Cultura del Meta - Red Departamental de Bibliotecas Públicas del Meta.